[Event "NDVM 2019 U16"]
[Site "Kiel"]
[Date "2019.09.08"]
[Round "4.1"]
[White "Bosselmann, Tom Linus"]
[Black "Sulayev, Daniel"]
[Result "0-1"]
[BlackElo "2140"]
[WhiteElo "2011"]
[LiveChessVersion "1.4.8"]

1. e4 {[%clk 1:30:58]} c5 {[%clk 1:30:35]} 2. d3 {[%clk 1:30:52]} Nc6
{[%clk 1:30:45]} 3. f4 {[%clk 1:30:46]} d6 {[%clk 1:30:37]} 4. Nf3
{[%clk 1:31:09]} g6 {[%clk 1:30:59]} 5. Be2 {[%clk 1:31:34]} Bg7 {[%clk 1:31:22]}
6. O-O {[%clk 1:31:41]} e6 {[%clk 1:30:25]} 7. c3 {[%clk 1:32:05]} Nge7
{[%clk 1:30:31]} 8. Na3 {[%clk 1:32:11]} O-O {[%clk 1:30:29]} 9. Nc2
{[%clk 1:31:04]} f5 {[%clk 1:29:55]} 10. Be3 {[%clk 1:29:14]} b6 {[%clk 1:21:48]}
11. h3 {[%clk 1:26:54]} Bb7 {[%clk 1:20:56]} 12. g4 {[%clk 1:25:40]} Qd7
{[%clk 1:20:16]} 13. Qe1 {[%clk 1:24:58]} e5 {[%clk 1:01:49]} 14. Qg3
{[%clk 1:22:18]} Rae8 {[%clk 0:53:24]} 15. Nh4 {[%clk 1:16:17]} g5
{[%clk 0:51:18]} 16. Nxf5 {[%clk 1:12:02]} gxf4 {[%clk 0:51:15]} 17. Bxf4
{[%clk 1:12:02]} exf4 {[%clk 0:51:36]} 18. Qxf4 {[%clk 1:12:21]} Nxf5
{[%clk 0:49:18]} 19. gxf5 {[%clk 1:11:52]} d5 {[%clk 0:47:12]} 20. Ne3
{[%clk 1:09:34]} dxe4 {[%clk 0:39:29]} 21. dxe4 {[%clk 1:09:52]} Ne5
{[%clk 0:29:52]} 22. Rad1 {[%clk 1:09:06]} Qc6 {[%clk 0:29:05]} 23. Nd5
{[%clk 1:07:51]} Qh6 {[%clk 0:27:13]} 24. Qg3 {[%clk 1:07:55]} Bxd5
{[%clk 0:26:18]} 25. Rxd5 {[%clk 1:08:17]} Qf6 {[%clk 0:25:47]} 26. Ba6
{[%clk 1:01:05]} Rd8 {[%clk 0:25:20]} 27. Bb7 {[%clk 1:00:55]} Rb8
{[%clk 0:25:35]} 28. Rfd1 {[%clk 1:00:01]} Rxb7 {[%clk 0:24:32]} 29. Rd6
{[%clk 1:00:26]} Qg5 {[%clk 0:24:54]} 0-1

[Event "NDVM 2019 U16"]
[Site "Kiel"]
[Date "2019.09.08"]
[Round "4.2"]
[White "Breitzmann, Sander"]
[Black "Rietschel, Tilo"]
[Result "0-1"]
[BlackElo "1961"]
[WhiteElo "1951"]
[LiveChessVersion "1.4.8"]

1. e4 {[%clk 1:30:57]} c5 {[%clk 1:30:55]} 2. Nf3 {[%clk 1:31:23]} g6
{[%clk 1:31:20]} 3. d4 {[%clk 1:31:42]} cxd4 {[%clk 1:31:37]} 4. Qxd4
{[%clk 1:32:07]} Nf6 {[%clk 1:31:40]} 5. e5 {[%clk 1:32:33]} Nc6 {[%clk 1:31:06]}
6. Qa4 {[%clk 1:32:57]} Nd5 {[%clk 1:30:57]} 7. Qe4 {[%clk 1:33:22]} Nb6
{[%clk 1:30:45]} 8. Bd3 {[%clk 1:33:31]} d5 {[%clk 1:28:53]} 9. exd6
{[%clk 1:33:55]} Qxd6 {[%clk 1:28:55]} 10. Bf4 {[%clk 1:26:29]} f5
{[%clk 1:27:16]} 11. Qe3 {[%clk 1:18:38]} Qb4+ {[%clk 1:26:27]} 12. Qd2
{[%clk 1:18:59]} Qxb2 {[%clk 1:26:18]} 13. O-O {[%clk 1:18:08]} Bg7
{[%clk 1:22:22]} 14. Rc1 {[%clk 1:15:09]} Qxa1 {[%clk 1:19:19]} 15. c3
{[%clk 1:15:25]} Be6 {[%clk 1:18:32]} 16. Na3 {[%clk 1:14:42]} Qxa2
{[%clk 1:18:35]} 17. Nb5 {[%clk 1:15:05]} Qxd2 {[%clk 1:03:56]} 18. Nc7+
{[%clk 1:15:24]} Kd7 {[%clk 1:04:14]} 19. Nxd2 {[%clk 1:15:20]} Rac8
{[%clk 1:01:05]} 20. Nxe6 {[%clk 1:15:38]} Kxe6 {[%clk 1:01:30]} 21. Nf3
{[%clk 1:16:04]} Kf7 {[%clk 1:00:35]} 22. Ng5+ {[%clk 1:16:28]} Kf6
{[%clk 1:00:34]} 23. Re1 {[%clk 1:16:42]} e5 {[%clk 1:00:57]} 0-1

[Event "NDVM 2019 U16"]
[Site "Kiel"]
[Date "2019.09.08"]
[Round "4.3"]
[White "Glinzner, Alva"]
[Black "Ellert, Stefan"]
[Result "1-0"]
[BlackElo "1689"]
[WhiteElo "1948"]
[LiveChessVersion "1.4.8"]

1. e4 {[%clk 1:30:59]} c6 {[%clk 1:30:22]} 2. d4 {[%clk 1:30:56]} d5
{[%clk 1:30:32]} 3. e5 {[%clk 1:30:34]} Bf5 {[%clk 1:30:42]} 4. Nf3
{[%clk 1:29:51]} e6 {[%clk 1:30:16]} 5. Be3 {[%clk 1:28:07]} Qb6 {[%clk 1:25:48]}
6. Qc1 {[%clk 1:28:12]} Nd7 {[%clk 1:24:01]} 7. c3 {[%clk 1:25:27]} c5
{[%clk 1:21:07]} 8. Nbd2 {[%clk 1:22:56]} c4 {[%clk 1:19:22]} 9. Be2
{[%clk 1:21:32]} Ne7 {[%clk 1:19:19]} 10. O-O {[%clk 1:20:52]} h6
{[%clk 1:14:49]} 11. Nh4 {[%clk 1:15:41]} Bh7 {[%clk 1:12:08]} 12. f4
{[%clk 1:14:40]} Nf5 {[%clk 1:11:44]} 13. Nxf5 {[%clk 1:11:42]} Bxf5
{[%clk 1:10:57]} 14. g4 {[%clk 1:09:01]} Bh7 {[%clk 1:10:20]} 15. Kh1
{[%clk 1:07:21]} Be7 {[%clk 1:04:13]} 16. Bf3 {[%clk 1:00:41]} f6
{[%clk 1:02:38]} 17. exf6 {[%clk 0:54:51]} Nxf6 {[%clk 1:02:39]} 18. g5
{[%clk 0:34:22]} Nd7 {[%clk 0:57:22]} 19. Bh5+ {[%clk 0:32:56]} g6
{[%clk 0:55:29]} 20. Bg4 {[%clk 0:32:40]} h5 {[%clk 0:55:40]} 21. Bh3
{[%clk 0:32:50]} O-O-O {[%clk 0:53:11]} 22. b3 {[%clk 0:29:56]} cxb3
{[%clk 0:52:14]} 23. Rb1 {[%clk 0:25:14]} Qc6 {[%clk 0:50:44]} 24. axb3
{[%clk 0:23:31]} Bg8 {[%clk 0:49:57]} 25. Bg2 {[%clk 0:22:57]} Qc7
{[%clk 0:46:55]} 26. Nf3 {[%clk 0:20:35]} Bf7 {[%clk 0:42:20]} 27. Qd2
{[%clk 0:18:46]} b5 {[%clk 0:41:08]} 28. Rfc1 {[%clk 0:18:00]} Nb6
{[%clk 0:41:12]} 29. Ne5 {[%clk 0:16:04]} Be8 {[%clk 0:41:01]} 30. Bh3
{[%clk 0:15:14]} Rd6 {[%clk 0:39:32]} 31. Qd3 {[%clk 0:11:39]} Rg8
{[%clk 0:37:11]} 32. Rc2 {[%clk 0:08:42]} Kb8 {[%clk 0:35:27]} 33. Bg2
{[%clk 0:08:24]} a6 {[%clk 0:34:09]} 34. c4 {[%clk 0:06:59]} bxc4
{[%clk 0:31:42]} 35. bxc4 {[%clk 0:07:05]} dxc4 {[%clk 0:31:38]} 36. Rxc4
{[%clk 0:05:50]} Qa7 {[%clk 0:31:23]} 37. Qc2 {[%clk 0:03:30]} Bb5
{[%clk 0:30:49]} 38. Rc5 {[%clk 0:03:15]} Bd8 {[%clk 0:24:37]} 39. Nxg6
{[%clk 0:02:08]} Qh7 {[%clk 0:22:42]} 40. Be4 {[%clk 0:01:39]} Qg7
{[%clk 0:22:51]} 41. Ne5 {[%clk 0:01:11]} Ka7 {[%clk 0:21:24]} 42. Qa2
{[%clk 0:27:02]} Bd7 {[%clk 0:49:40]} 43. d5 {[%clk 0:23:28]} exd5
{[%clk 0:48:45]} 44. Bxd5 {[%clk 0:23:32]} Re8 {[%clk 0:48:22]} 45. Ra5
{[%clk 0:22:04]} Bc8 {[%clk 0:48:05]} 46. Bd4 {[%clk 0:18:02]} Qh7
{[%clk 0:46:09]} 47. g6 {[%clk 0:14:04]} Qc7 {[%clk 0:45:42]} 48. Nc4
{[%clk 0:10:37]} Qb8 {[%clk 0:43:03]} 49. Nxd6 {[%clk 0:09:19]} Qxd6
{[%clk 0:43:17]} 50. Rab5 {[%clk 0:07:07]} Bh3 {[%clk 0:42:47]} 51. Ra1
{[%clk 0:05:47]} Bc8 {[%clk 0:42:50]} 52. Ra5 {[%clk 0:05:33]} 1-0

[Event "NDVM 2019 U16"]
[Site "Kiel"]
[Date "2019.09.08"]
[Round "4.4"]
[White "Doraszelski, Alexander"]
[Black "Bornholdt, Joa Max"]
[Result "1/2-1/2"]
[BlackElo "1868"]
[WhiteElo "1608"]
[LiveChessVersion "1.4.8"]

1. e4 {[%clk 1:30:53]} e5 {[%clk 1:30:58]} 2. Nf3 {[%clk 1:31:08]} Nc6
{[%clk 1:31:27]} 3. Bc4 {[%clk 1:31:24]} Nf6 {[%clk 1:31:52]} 4. d4
{[%clk 1:31:26]} exd4 {[%clk 1:31:05]} 5. O-O {[%clk 1:31:35]} Nxe4
{[%clk 1:30:58]} 6. Re1 {[%clk 1:31:30]} d5 {[%clk 1:31:10]} 7. Bxd5
{[%clk 1:31:25]} Qxd5 {[%clk 1:31:38]} 8. Nc3 {[%clk 1:31:35]} Qh5
{[%clk 1:32:06]} 9. Nxe4 {[%clk 1:30:23]} Be6 {[%clk 1:32:01]} 10. Neg5
{[%clk 1:30:35]} O-O-O {[%clk 1:32:23]} 11. Nxe6 {[%clk 1:30:53]} fxe6
{[%clk 1:32:51]} 12. Rxe6 {[%clk 1:28:57]} Bd6 {[%clk 1:32:29]} 13. Qe2
{[%clk 1:16:25]} Rde8 {[%clk 1:31:09]} 14. h3 {[%clk 1:13:50]} Be5
{[%clk 1:20:56]} 15. Qc4 {[%clk 1:07:39]} Qf5 {[%clk 1:16:26]} 16. Rxe8+
{[%clk 1:04:06]} Rxe8 {[%clk 1:16:15]} 17. Nxe5 {[%clk 1:03:37]} Qxe5
{[%clk 1:09:19]} 18. Bd2 {[%clk 1:01:01]} Qe6 {[%clk 1:08:02]} 19. Qxe6+
{[%clk 1:01:04]} Rxe6 {[%clk 1:08:30]} 20. Re1 {[%clk 0:59:45]} Kd7
{[%clk 1:08:39]} 21. Kf1 {[%clk 0:59:11]} Ne7 {[%clk 1:07:05]} 22. Rxe6
{[%clk 0:58:45]} Kxe6 {[%clk 1:03:52]} 23. Ke2 {[%clk 0:59:02]} Kd5
{[%clk 1:04:07]} 24. Kf3 {[%clk 0:55:11]} Ng6 {[%clk 1:02:47]} 25. Kg3
{[%clk 0:52:13]} c5 {[%clk 1:01:35]} 26. h4 {[%clk 0:46:23]} c4 {[%clk 0:57:20]}
27. f3 {[%clk 0:45:39]} Ne7 {[%clk 0:56:05]} 28. h5 {[%clk 0:43:49]} Ke5
{[%clk 0:47:28]} 1/2-1/2

[Event "NDVM 2019 U16"]
[Site "Kiel"]
[Date "2019.09.08"]
[Round "4.5"]
[White "Woelk, Tom-Frederic"]
[Black "Pahl, Erik"]
[Result "1/2-1/2"]
[BlackElo "1990"]
[WhiteElo "2227"]
[LiveChessVersion "1.4.8"]

1. d4 {[%clk 1:30:15]} Nf6 {[%clk 1:30:42]} 2. c4 {[%clk 1:30:41]} e6
{[%clk 1:30:57]} 3. Nc3 {[%clk 1:31:03]} Bb4 {[%clk 1:31:20]} 4. Qc2
{[%clk 1:31:01]} O-O {[%clk 1:31:37]} 5. e4 {[%clk 1:31:18]} d5 {[%clk 1:31:50]}
6. e5 {[%clk 1:31:39]} Ne4 {[%clk 1:32:11]} 7. Bd3 {[%clk 1:32:06]} c5
{[%clk 1:28:27]} 8. Nge2 {[%clk 1:32:28]} Nc6 {[%clk 1:26:40]} 9. cxd5
{[%clk 1:11:04]} exd5 {[%clk 1:26:59]} 10. O-O {[%clk 1:11:25]} cxd4
{[%clk 1:24:55]} 11. Nxd5 {[%clk 1:11:24]} Qxd5 {[%clk 1:24:07]} 12. Bxe4
{[%clk 1:11:36]} Qxe5 {[%clk 1:24:24]} 13. Bf4 {[%clk 1:09:57]} Qf6
{[%clk 1:22:28]} 14. a3 {[%clk 1:05:54]} Ba5 {[%clk 1:19:13]} 15. Rfd1
{[%clk 1:00:40]} h6 {[%clk 1:13:25]} 16. Bxc6 {[%clk 0:58:23]} bxc6
{[%clk 1:13:47]} 17. Rxd4 {[%clk 0:57:07]} Bf5 {[%clk 1:13:12]} 18. Qa4
{[%clk 0:44:40]} Bb6 {[%clk 1:12:06]} 19. Rd2 {[%clk 0:44:37]} Rad8
{[%clk 1:01:21]} 20. Rad1 {[%clk 0:41:10]} Rxd2 {[%clk 1:00:22]} 21. Rxd2
{[%clk 0:41:12]} Rd8 {[%clk 1:00:11]} 22. Qd1 {[%clk 0:37:46]} Bg4
{[%clk 0:53:54]} 23. Rxd8+ {[%clk 0:32:29]} Bxd8 24. Be3 {[%clk 0:32:31]} Bc7
{[%clk 0:51:18]} 25. Qd2 {[%clk 0:32:15]} Bxe2 {[%clk 0:47:02]} 26. Qxe2
{[%clk 0:32:35]} Qe5 {[%clk 0:47:06]} 27. g3 {[%clk 0:27:55]} Bb6
{[%clk 0:46:39]} 28. Qd2 {[%clk 0:28:02]} Bxe3 {[%clk 0:46:16]} 29. fxe3
{[%clk 0:28:15]} g6 {[%clk 0:44:28]} 30. Kf2 {[%clk 0:27:36]} Kg7
{[%clk 0:41:55]} 31. Qc2 {[%clk 0:27:19]} c5 {[%clk 0:41:43]} 32. Qd2
{[%clk 0:14:47]} 1/2-1/2

[Event "NDVM 2019 U16"]
[Site "Kiel"]
[Date "2019.09.08"]
[Round "4.6"]
[White "Pahl, Theis"]
[Black "Kotyk, Michael"]
[Result "1/2-1/2"]
[BlackElo "2077"]
[WhiteElo "1895"]
[LiveChessVersion "1.4.8"]

1. e4 {[%clk 1:30:56]} e5 {[%clk 1:30:55]} 2. Nc3 {[%clk 1:31:21]} Nf6
{[%clk 1:31:19]} 3. Bc4 {[%clk 1:31:46]} Nxe4 {[%clk 1:30:14]} 4. Qh5
{[%clk 1:31:57]} Nd6 {[%clk 1:30:36]} 5. Qxe5+ {[%clk 1:31:55]} Qe7
{[%clk 1:29:10]} 6. Qxe7+ {[%clk 1:32:18]} Bxe7 {[%clk 1:29:14]} 7. Bb3
{[%clk 1:32:36]} c6 {[%clk 1:28:33]} 8. Nf3 {[%clk 1:31:53]} Nf5 {[%clk 1:25:54]}
9. O-O {[%clk 1:31:36]} d5 {[%clk 1:24:19]} 10. d3 {[%clk 1:31:09]} O-O
{[%clk 1:23:39]} 11. Bf4 {[%clk 1:29:51]} Be6 {[%clk 1:21:20]} 12. Ne2
{[%clk 1:27:35]} c5 {[%clk 1:13:23]} 13. c3 {[%clk 1:26:07]} f6 {[%clk 1:08:20]}
14. Ng3 {[%clk 1:23:37]} Nxg3 {[%clk 1:08:15]} 15. Bxg3 {[%clk 1:23:55]} Kf7
{[%clk 1:07:27]} 16. Rfe1 {[%clk 1:23:43]} Nc6 {[%clk 1:02:03]} 17. Re3
{[%clk 1:14:45]} c4 {[%clk 0:57:15]} 18. Bc2 {[%clk 1:10:05]} Rad8
{[%clk 0:40:59]} 19. Rae1 {[%clk 1:08:45]} Bg4 {[%clk 0:39:41]} 20. Ba4
{[%clk 0:55:58]} Rfe8 {[%clk 0:28:07]} 21. dxc4 {[%clk 0:38:41]} Bxf3
{[%clk 0:27:33]} 22. Rxf3 {[%clk 0:36:29]} Bc5 {[%clk 0:24:05]} 23. Rf1
{[%clk 0:35:12]} dxc4 {[%clk 0:20:54]} 24. Rf4 {[%clk 0:34:22]} Re2
{[%clk 0:19:32]} 25. Rxc4 {[%clk 0:34:11]} Bb6 {[%clk 0:20:01]} 26. Bxc6
{[%clk 0:33:50]} bxc6 {[%clk 0:20:30]} 27. b4 {[%clk 0:33:43]} Rxa2
{[%clk 0:11:55]} 28. Rxc6 {[%clk 0:33:10]} Rb2 {[%clk 0:12:01]} 29. c4
{[%clk 0:27:05]} Rxb4 {[%clk 0:09:48]} 30. c5 {[%clk 0:24:15]} Rc4
{[%clk 0:06:18]} 31. cxb6 {[%clk 0:23:32]} Rxc6 {[%clk 0:06:48]} 32. b7 Rb6 33.
Bc7 Re8 34. Bxb6 {[%clk 0:24:24]} axb6 {[%clk 0:08:16]} 35. Rb1 {[%clk 0:18:38]}
Rb8 {[%clk 0:08:36]} 36. Rxb6 {[%clk 0:18:53]} Ke7 {[%clk 0:09:06]} 37. f3
{[%clk 0:17:05]} Kd7 {[%clk 0:09:28]} 38. Kf2 {[%clk 0:16:35]} Kc7
{[%clk 0:09:42]} 39. Rb3 {[%clk 0:16:24]} Rxb7 {[%clk 0:09:17]} 40. Rxb7+
{[%clk 0:16:09]} Kxb7 {[%clk 0:09:46]} 41. Ke3 {[%clk 0:16:22]} Kc6
{[%clk 0:10:11]} 42. Ke4 {[%clk 0:16:38]} g6 {[%clk 0:08:16]} 1/2-1/2

[Event "NDVM 2019 U16"]
[Site "Kiel"]
[Date "2019.09.08"]
[Round "4.7"]
[White "Grabbel, Lennart Christian"]
[Black "Alhamid, Mohamad"]
[Result "1/2-1/2"]
[BlackElo "1716"]
[WhiteElo "1927"]
[LiveChessVersion "1.4.8"]

1. d4 {[%clk 1:30:58]} Nf6 {[%clk 1:30:55]} 2. c4 {[%clk 1:31:24]} e6
{[%clk 1:31:23]} 3. Nc3 {[%clk 1:31:49]} Bb4 {[%clk 1:31:48]} 4. Qc2
{[%clk 1:32:16]} O-O {[%clk 1:30:22]} 5. e4 {[%clk 1:32:29]} d5 {[%clk 1:30:36]}
6. cxd5 {[%clk 1:32:26]} exd5 {[%clk 1:30:47]} 7. e5 {[%clk 1:32:48]} Ne4
{[%clk 1:30:32]} 8. Bd3 {[%clk 1:32:50]} c5 {[%clk 1:26:28]} 9. Nge2
{[%clk 1:25:53]} Nc6 {[%clk 1:20:29]} 10. O-O {[%clk 1:20:45]} cxd4
{[%clk 1:15:38]} 11. Nxd5 {[%clk 1:19:14]} Qxd5 {[%clk 1:15:43]} 12. Bxe4
{[%clk 1:19:39]} Qxe5 {[%clk 1:08:05]} 13. Bxh7+ {[%clk 1:20:00]} Kh8
{[%clk 1:08:29]} 14. Be4 {[%clk 1:20:25]} Re8 {[%clk 1:07:20]} 15. Bd3
{[%clk 1:13:45]} Bg4 {[%clk 1:00:00]} 16. Ng3 {[%clk 1:11:04]} Rac8
{[%clk 0:58:23]} 17. h3 Be6 {[%clk 0:49:35]} 18. Bd2 {[%clk 1:02:10]} Bxd2
{[%clk 0:49:33]} 19. Qxd2 {[%clk 1:02:35]} Qf6 {[%clk 0:33:43]} 20. Ne4
{[%clk 0:56:29]} Qe7 {[%clk 0:32:07]} 21. Qf4 {[%clk 0:54:25]} Nb4
{[%clk 0:26:21]} 22. Ng5 {[%clk 0:54:32]} Qf6 {[%clk 0:24:59]} 23. Qh4+
{[%clk 0:46:18]} Qh6 {[%clk 0:25:28]} 24. Qxd4 {[%clk 0:46:00]} Qxg5
{[%clk 0:23:27]} 25. Qxb4 {[%clk 0:46:23]} Bxh3 {[%clk 0:22:15]} 26. Qxb7
{[%clk 0:46:48]} Rcd8 {[%clk 0:17:44]} 27. Be4 {[%clk 0:43:17]} Rb8
{[%clk 0:04:15]} 28. Qxa7 {[%clk 0:43:01]} Rxb2 {[%clk 0:03:10]} 29. Qa3
{[%clk 0:43:17]} Rxe4 {[%clk 0:03:08]} 30. Qxh3+ {[%clk 0:43:32]} Rh4
{[%clk 0:02:22]} 31. Qf3 {[%clk 0:43:05]} Qh6 {[%clk 0:02:21]} 32. g3
{[%clk 0:43:28]} Rh5 {[%clk 0:01:20]} 33. a4 {[%clk 0:43:17]} Rb6
{[%clk 0:01:02]} 34. Rfe1 {[%clk 0:39:49]} g6 {[%clk 0:00:31]} 35. Re7
{[%clk 0:39:08]} Rf5 {[%clk 0:00:43]} 36. Qc3+ {[%clk 0:38:50]} Qg7
{[%clk 0:00:50]} 37. Qxg7+ {[%clk 0:39:11]} Kxg7 {[%clk 0:01:19]} 38. Re2
{[%clk 0:38:45]} Ra6 {[%clk 0:01:38]} 39. Kg2 {[%clk 0:39:01]} Rc5
{[%clk 0:01:40]} 40. Raa2 {[%clk 0:37:53]} Rc4 {[%clk 0:01:53]} 41. a5
{[%clk 0:35:34]} Rc5 {[%clk 0:01:23]} 42. Re7 {[%clk 0:35:15]} Rcxa5
{[%clk 0:01:35]} 43. Rb2 {[%clk 0:35:31]} Ra7 {[%clk 0:02:00]} 1/2-1/2

[Event "NDVM 2019 U16"]
[Site "Kiel"]
[Date "2019.09.08"]
[Round "4.8"]
[White "Fink, Anton"]
[Black "Klaas, Heiko"]
[Result "0-1"]
[BlackElo "1890"]
[WhiteElo "1509"]
[LiveChessVersion "1.4.8"]

1. e4 {[%clk 1:30:59]} e5 {[%clk 1:30:54]} 2. Bc4 {[%clk 1:31:24]} Nf6
{[%clk 1:28:20]} 3. Nf3 {[%clk 1:31:30]} Nxe4 {[%clk 1:25:12]} 4. Nc3
{[%clk 1:31:49]} Nxc3 {[%clk 1:24:15]} 5. dxc3 {[%clk 1:32:08]} f6
{[%clk 1:20:49]} 6. O-O {[%clk 1:18:21]} Nc6 {[%clk 1:13:20]} 7. Re1
{[%clk 1:14:27]} d6 {[%clk 1:05:45]} 8. Nd4 {[%clk 1:06:48]} Nxd4
{[%clk 0:53:38]} 9. cxd4 {[%clk 1:06:19]} Qe7 {[%clk 0:47:54]} 10. Qf3
{[%clk 0:59:16]} c6 {[%clk 0:43:03]} 11. d5 {[%clk 0:48:05]} Bd7 {[%clk 0:42:37]}
12. Qb3 {[%clk 0:39:53]} b6 {[%clk 0:36:08]} 13. dxc6 {[%clk 0:34:30]} Bxc6
{[%clk 0:36:27]} 14. Bb5 {[%clk 0:33:23]} Bxb5 {[%clk 0:35:18]} 15. Qxb5+
{[%clk 0:33:19]} Qd7 {[%clk 0:35:36]} 16. Qd5 {[%clk 0:26:43]} Rc8
{[%clk 0:35:52]} 17. c4 {[%clk 0:25:57]} g6 {[%clk 0:34:42]} 18. b3
{[%clk 0:25:02]} Rc5 {[%clk 0:32:07]} 19. Qf3 {[%clk 0:23:00]} Kf7
{[%clk 0:31:56]} 20. Ba3 {[%clk 0:20:04]} Rc7 {[%clk 0:29:31]} 21. Rad1
{[%clk 0:18:34]} Qe6 {[%clk 0:29:07]} 22. Re3 {[%clk 0:11:37]} Be7
{[%clk 0:28:53]} 23. Qe2 {[%clk 0:07:34]} Rd8 {[%clk 0:27:34]} 24. f4
{[%clk 0:07:12]} Rcd7 {[%clk 0:22:45]} 25. Rf1 {[%clk 0:06:02]} Rc7
{[%clk 0:13:32]} 26. fxe5 {[%clk 0:04:40]} Qc8 {[%clk 0:04:38]} 27. exd6
{[%clk 0:03:51]} Bxd6 28. Bxd6 {[%clk 0:03:46]} Rxd6 {[%clk 0:04:54]} 29. Ref3
{[%clk 0:03:30]} Qd8 {[%clk 0:03:31]} 30. Qe5 {[%clk 0:02:21]} Rcc6
{[%clk 0:02:58]} 31. g4 {[%clk 0:02:02]} Re6 {[%clk 0:02:50]} 32. Qd5
{[%clk 0:02:21]} Rcd6 {[%clk 0:03:14]} 33. Qb7+ {[%clk 0:02:16]} Rd7
{[%clk 0:03:15]} 34. Qa6 {[%clk 0:02:16]} Qe7 {[%clk 0:02:53]} 35. g5
{[%clk 0:02:00]} Qc5+ {[%clk 0:02:28]} 36. Kh1 {[%clk 0:01:42]} Qxg5
{[%clk 0:02:47]} 37. Qc8 {[%clk 0:01:31]} Rde7 {[%clk 0:03:02]} 38. Qd8
{[%clk 0:01:31]} Kg7 {[%clk 0:01:19]} 39. Qd4 {[%clk 0:01:15]} h5
{[%clk 0:00:43]} 40. h4 {[%clk 0:00:44]} Qe5 {[%clk 0:00:49]} 41. Qxe5
{[%clk 0:29:13]} fxe5 {[%clk 0:31:12]} 42. Kg2 {[%clk 0:28:52]} Rd6
{[%clk 0:29:36]} 43. R1f2 {[%clk 0:26:58]} Rd4 {[%clk 0:29:21]} 44. Kg3
{[%clk 0:26:54]} Rg4+ {[%clk 0:27:30]} 45. Kh3 {[%clk 0:25:54]} Rd7
{[%clk 0:25:17]} 46. a4 {[%clk 0:19:52]} Rdd4 {[%clk 0:23:32]} 47. Rf7+
{[%clk 0:16:45]} Kh6 {[%clk 0:23:52]} 48. Rxa7 {[%clk 0:15:37]} Rd3+
{[%clk 0:24:13]} 49. Kh2 {[%clk 0:15:10]} Rxh4+ {[%clk 0:24:29]} 50. Kg2
{[%clk 0:15:08]} Rg4+ {[%clk 0:24:42]} 51. Kf1 {[%clk 0:14:38]} Rxb3
{[%clk 0:24:32]} 52. Rb7 {[%clk 0:11:23]} Rb1+ {[%clk 0:24:14]} 53. Ke2
{[%clk 0:11:37]} Rxc4 {[%clk 0:24:24]} 54. a5 {[%clk 0:10:58]} Rb2+
{[%clk 0:24:49]} 55. Kf1 {[%clk 0:10:22]} Rxf2+ {[%clk 0:25:00]} 56. Kxf2
{[%clk 0:10:43]} bxa5 {[%clk 0:25:24]} 0-1

[Event "NDVM 2019 U16"]
[Site "Kiel"]
[Date "2019.09.08"]
[Round "4.9"]
[White "Popist, Florian"]
[Black "Post, Hugo"]
[Result "1/2-1/2"]
[BlackElo "2176"]
[WhiteElo "2043"]
[LiveChessVersion "1.4.8"]

1. e4 {[%clk 1:30:56]} c5 {[%clk 1:30:40]} 2. Nf3 {[%clk 1:31:19]} d6
{[%clk 1:31:01]} 3. d4 {[%clk 1:31:43]} cxd4 {[%clk 1:31:23]} 4. Nxd4
{[%clk 1:32:06]} Nf6 {[%clk 1:31:45]} 5. Nc3 {[%clk 1:32:29]} e6 {[%clk 1:32:04]}
6. g4 {[%clk 1:31:54]} h6 {[%clk 1:32:23]} 7. h4 {[%clk 1:31:54]} Nc6
{[%clk 1:32:45]} 8. Rg1 {[%clk 1:30:29]} d5 {[%clk 1:32:44]} 9. exd5
{[%clk 1:30:13]} Nxd5 {[%clk 1:32:16]} 10. Nxd5 {[%clk 1:30:01]} exd5
{[%clk 1:32:36]} 11. g5 {[%clk 1:25:02]} hxg5 {[%clk 1:31:02]} 12. Bxg5
{[%clk 1:21:09]} f6 {[%clk 1:24:22]} 13. Be3 {[%clk 1:18:57]} Rxh4
{[%clk 1:21:36]} 14. Qd3 {[%clk 1:18:06]} Ne5 {[%clk 1:19:00]} 15. Qb5+
{[%clk 1:15:26]} Qd7 {[%clk 1:16:02]} 16. O-O-O {[%clk 1:10:07]} Qxb5
{[%clk 1:12:03]} 17. Nxb5 {[%clk 1:07:27]} Bg4 {[%clk 1:02:35]} 18. Nc7+
{[%clk 0:41:39]} Kd8 {[%clk 1:00:04]} 19. Rxg4 {[%clk 0:41:39]} Nxg4
{[%clk 0:59:35]} 20. Nxa8 {[%clk 0:41:57]} Nxe3 {[%clk 0:59:55]} 21. fxe3
{[%clk 0:42:21]} Kc8 {[%clk 0:56:11]} 22. Rxd5 {[%clk 0:24:30]} Rh1
{[%clk 0:54:11]} 23. Rd1 {[%clk 0:24:21]} Be7 {[%clk 0:50:27]} 24. Kd2
{[%clk 0:22:47]} Rh8 {[%clk 0:48:57]} 25. Kc3 {[%clk 0:21:23]} Rd8
{[%clk 0:48:23]} 26. Rxd8+ {[%clk 0:16:41]} Bxd8 {[%clk 0:48:45]} 27. Kc4
{[%clk 0:17:04]} Kb8 {[%clk 0:49:02]} 28. Kd5 {[%clk 0:17:24]} Kxa8
{[%clk 0:49:18]} 29. c4 {[%clk 0:17:05]} Kb8 {[%clk 0:49:02]} 30. b4
{[%clk 0:16:50]} Bc7 {[%clk 0:48:28]} 31. Bd3 {[%clk 0:13:59]} g5
{[%clk 0:48:14]} 32. Ke6 {[%clk 0:11:27]} Be5 {[%clk 0:48:33]} 33. Kd7
{[%clk 0:11:30]} g4 {[%clk 0:48:38]} 34. Bf1 {[%clk 0:11:01]} 1/2-1/2

[Event "NDVM 2019 U16"]
[Site "Kiel"]
[Date "2019.09.08"]
[Round "4.10"]
[White "Dietz, Florian"]
[Black "Richter, Merlin"]
[Result "1-0"]
[BlackElo "1522"]
[WhiteElo "2080"]
[LiveChessVersion "1.4.8"]

1. e4 {[%clk 1:30:53]} e6 {[%clk 1:30:59]} 2. d4 {[%clk 1:31:06]} d5
{[%clk 1:31:24]} 3. Nd2 {[%clk 1:31:28]} c5 {[%clk 1:31:51]} 4. exd5
{[%clk 1:31:48]} Qxd5 {[%clk 1:32:21]} 5. Ngf3 {[%clk 1:31:46]} cxd4
{[%clk 1:32:49]} 6. Bc4 Qd6 7. O-O {[%clk 1:31:30]} Nf6 {[%clk 1:33:43]} 8. Nb3
{[%clk 1:31:24]} Nc6 {[%clk 1:34:08]} 9. Nbxd4 {[%clk 1:29:56]} Nxd4
{[%clk 1:34:35]} 10. Nxd4 {[%clk 1:30:19]} a6 {[%clk 1:34:51]} 11. a4
{[%clk 1:29:45]} Qc7 {[%clk 1:34:43]} 12. Bb3 {[%clk 1:27:25]} Bd6
{[%clk 1:35:05]} 13. h3 {[%clk 1:27:19]} h5 {[%clk 1:33:02]} 14. Re1
{[%clk 1:24:52]} Bd7 {[%clk 1:17:33]} 15. Be3 {[%clk 1:15:02]} O-O-O
{[%clk 1:16:01]} 16. Qe2 {[%clk 1:11:51]} Rdg8 {[%clk 1:13:11]} 17. Qc4
{[%clk 1:07:17]} g5 {[%clk 1:10:20]} 18. Qxc7+ {[%clk 0:54:02]} Bxc7
{[%clk 1:08:50]} 19. Bc4 {[%clk 0:54:12]} g4 20. h4 {[%clk 0:54:01]} g3
{[%clk 1:00:08]} 21. f3 {[%clk 0:53:11]} e5 {[%clk 0:45:48]} 22. Ne2
{[%clk 0:48:49]} e4 {[%clk 0:40:30]} 23. Bd4 {[%clk 0:43:49]} exf3
{[%clk 0:37:29]} 24. gxf3 {[%clk 0:44:14]} Rh6 {[%clk 0:37:06]} 25. Bxf7
{[%clk 0:41:13]} Rf8 {[%clk 0:35:03]} 26. Bc4 {[%clk 0:40:55]} Rg6
{[%clk 0:22:14]} 27. Bc5 {[%clk 0:38:23]} Re8 {[%clk 0:19:52]} 28. Bf7
{[%clk 0:37:23]} Rxe2 {[%clk 0:20:20]} 29. Rxe2 {[%clk 0:37:07]} Rg7
{[%clk 0:20:38]} 30. Be6 {[%clk 0:37:10]} g2 {[%clk 0:19:46]} 31. Bd4
{[%clk 0:35:12]} Rg3 {[%clk 0:10:56]} 32. Bxd7+ {[%clk 0:32:24]} Kxd7
{[%clk 0:10:27]} 33. Bxf6 {[%clk 0:31:03]} Bb6+ {[%clk 0:10:06]} 34. Rf2
{[%clk 0:31:30]} Rxf3 {[%clk 0:07:54]} 35. Rd1+ {[%clk 0:31:55]} Kc6 36. Bd4
{[%clk 0:32:17]} Rxf2 {[%clk 0:04:52]} 37. Bxf2 {[%clk 0:32:35]} 1-0